فهم الصلاة : (رقم التسجيلة. 331)

تفاصيل مارك
000 -LEADER
fixed length control field 00568nam a22001697a 4500
005 - DATE AND TIME OF LATEST TRANSACTION
control field 20251108163338.0
008 - FIXED-LENGTH DATA ELEMENTS--GENERAL INFORMATION
fixed length control field 250721s1983 xx 000 0 ara d
082 14 - DEWEY DECIMAL CLASSIFICATION NUMBER
Classification number 216,22/محا
100 1# - MAIN ENTRY--PERSONAL NAME
Personal name المحاسبي، الحارث بن اسد
245 10 - TITLE STATEMENT
Title فهم الصلاة :
Remainder of title تعلم الصلاة- الخشوع في الصلاة - عقوبة تارك الصلاة /
264 1# - PRODUCTION, PUBLICATION, DISTRIBUTION, MANUFACTURE, AND COPYRIGHT NOTICE
Place of production, publication, distribution, manufacture القاهرة :
Name of producer, publisher, distributor, manufacturer مكتبة القرآن،
Date of production, publication, distribution, manufacture, or copyright notice 1983.
300 ## - PHYSICAL DESCRIPTION
Extent 79ص
490 0# - SERIES STATEMENT
Series statement اخترت لك من التراث
650 17 - SUBJECT ADDED ENTRY--TOPICAL TERM
Topical term or geographic name as entry element الصلوات
942 ## - ADDED ENTRY ELEMENTS (KOHA)
Source of classification or shelving scheme Dewey Decimal Classification
Koha item type كتب
المقتنيات
حالة السحب حالة الفقدان مصدر التصنيف حالة التلف غير قابل للإعارة المكتبة الرئيسية المكتبة الحالية موقع الرف تاريخ التزويد الرقم المتسلسل Total Checkouts رقم الإستدعاء الباركود تاريخ آخر ظهور تاريخ الفاتورة نوع المادة (كوها)
    Dewey Decimal Classification     مكتبة حمزة العامة مكتبة حمزة العامة الإعارة 21/01/2016 (1975)   216,22/محا PLD00369742 28/07/2025 21/01/2016 كتب
Implemented & Customized by: BBB with SCIT (Smart Chains for Information Technology)

Powered by Koha